000 00808nam a2200253Ia 4500
003 OSt
005 20220924124217.0
006 a|||||r|||| 00| 0
007 ta
008 220923b |||||||| |||| 00| 0 urd d
020 _c120
024 _a291077
037 _b4689, 09/03/2016, Kitabi Duniya
_cTextual
040 _aARTS
_cARTS
_burd
041 _2urd
_aurd
082 _aP:(R), 168N9
100 _aHoopers. John Au.; Shaida, Sultan Ali Tr.
_9195196
245 0 _aFalsafyana tajziya eik taaruf
260 _aNew Delhi
_b National Council for Promotion of Urdu Language India
_c1999
300 _a607p.
_ccm.
650 _aPHILOSOPHY
942 _hP:(R), 168N9
_cTEXL
_2CC
999 _c418827
_d418827